| 000 | 00408nam a2200169Ia 4500 | ||
|---|---|---|---|
| 001 | 66994 | ||
| 008 | 150514s9999 xx 000 0 und d | ||
| 020 | _aNA | ||
| 040 | _cPK-LaUMT | ||
| 082 |
_a 297.4 _bMOH-F |
||
| 100 | _aMohayyudin ibn Arbi | ||
| 245 |
_aFasosul hukam (Urdu) _cMohayyudin ibn Arbi |
||
| 260 |
_aLahore,Pakistan: _bKitab Mahal, _c2014 |
||
| 300 | _a313 p. | ||
| 546 | _aUR | ||
| 942 | _cBK | ||
| 999 |
_c71822 _d71822 |
||